000 00396nam a2200157Ia 4500
008 230312s9999||||xx |||||||||||||| ||und||
020 _a0-470-84482-5
082 _a658.8
_bBAK-N
100 _aSUSAN baker
245 0 _aNew Consumer Marketing
260 _bJohn Wiley & Sons
_aEngland
_c2003
300 _a204
546 _aEng.
650 _aManagement
_vIntroduction , Earthquake !
942 _cBK
999 _c375
_d375